[Event "BL2 West 2223 (Women)"]
[Site "Germany"]
[Date "2022.11.12"]
[Round "3.1"]
[White "Michna, Marta"]
[Black "Scognamiglio, Stefanie"]
[Result "0-1"]
[WhiteElo "2316"]
[BlackElo "2053"]
[PlyCount "54"]
[EventDate "2022.10.15"]
[EventType "team-tourn"]
[EventRounds "7"]
[EventCountry "GER"]
[SourceTitle "EXT 2025"]
[Source "ChessBase"]
[SourceDate "2024.10.14"]
[SourceVersion "1"]
[SourceVersionDate "2024.10.14"]
[SourceQuality "1"]
[WhiteTeam "Kiel Doppelbauer (W)"]
[BlackTeam "Hamburger SK (W) II"]
[WhiteTeamCountry "GER"]
[BlackTeamCountry "GER"]

1. Nf3 c5 2. g3 g6 3. Bg2 Bg7 4. d3 Nc6 5. e4 e6 6. 0-0 Nge7 7. c3 d5 8. Qe2 0-0 9. a4 b6 10. e5 Ba6 11. Na3 Qd7 12. Bf4 h6 13. h4 Rad8 14. Rfe1 d4 15. c4 Kh7 16. Nb5 Nb4 17. Nd6 Ng8 18. Bh3 f5 19. exf6 Rxf6 20. Ne4 Rxf4 21. gxf4 Kh8 22. Ne5 Bxe5 23. fxe5 Rf8 24. a5 Bb7 25. axb6 axb6 26. Ra7 Nc6 27. Nd6 Nxa7 0-1

[Event "GER-ch Blitz (Women)"]
[Site "Magdeburg"]
[Date "2020.08.15"]
[Round "15"]
[White "Scognamiglio, Stefanie"]
[Black "Michna, Marta"]
[Result "0-1"]
[WhiteElo "2097"]
[BlackElo "2350"]
[PlyCount "78"]
[EventDate "2020.07.28"]
[EventType "tourn (blitz)"]
[EventRounds "29"]
[EventCountry "GER"]
[SourceTitle "EXT 2021"]
[Source "ChessBase"]
[SourceDate "2020.10.23"]
[SourceVersion "1"]
[SourceVersionDate "2020.10.23"]
[SourceQuality "1"]

1. e4 e6 2. d4 d5 3. exd5 exd5 4. Bd3 Nc6 5. Ne2 Bd6 6. c3 Qf6 7. 0-0 Nge7 8. Ng3 h5 9. Re1 Bg4 10. Qb3 0-0-0 11. Nd2 Rde8 12. Ndf1 h4 13. Ne2 h3 14. g3 Qf3 15. Ne3 Ng6 16. Qxd5 Rxe3 17. Qxf3 Rxf3 18. Be4 Rf6 19. Bg5 Rf5 20. Bxf5+ Bxf5 21. d5 Nce5 22. Nd4 Bd7 23. Bd2 Nc4 24. Bc1 Nce5 25. f3 Bc5 26. Kf2 Bxd4+ 27. cxd4 Nd3+ 28. Ke2 Nxe1 29. Kxe1 Re8+ 30. Kf2 Bb5 31. Be3 Kd7 32. Rc1 Ne7 33. b3 Nxd5 34. Bg5 Re2+ 35. Kf1 Rc2+ 36. Ke1 Rxh2 37. a4 Rh1+ 38. Kd2 Rxc1 39. Kxc1 h2 0-1

[Event "GER-ch Blitz (Women)"]
[Site "Magdeburg"]
[Date "2020.08.15"]
[Round "2"]
[White "Scognamiglio, Stefanie"]
[Black "Voicu Jagodzinsky, Carmen"]
[Result "0-1"]
[WhiteElo "2097"]
[BlackElo "2244"]
[PlyCount "71"]
[EventDate "2020.07.28"]
[EventType "tourn (blitz)"]
[EventRounds "29"]
[EventCountry "GER"]
[SourceTitle "EXT 2021"]
[Source "ChessBase"]
[SourceDate "2020.10.23"]
[SourceVersion "1"]
[SourceVersionDate "2020.10.23"]
[SourceQuality "1"]

1. e4 c5 2. Nf3 Nc6 3. d4 cxd4 4. Bc4 g6 5. 0-0 Bg7 6. Qe2 d6 7. Rd1 e6 8. h3 Nge7 9. c3 dxc3 10. Nxc3 0-0 11. Bf4 e5 12. Be3 a6 13. Qd2 b5 14. Bb3 Bb7 15. Qxd6 Nd4 16. Qxd8 Raxd8 17. Bxd4 exd4 18. Nd5 Nxd5 19. exd5 Bxd5 20. Nxd4 Bxb3 21. Nxb3 Bxb2 22. Rxd8 Rxd8 23. Rb1 Be5 24. Nc5 Rd6 25. g3 Kh8 26. Kg2 Bd4 27. Ne4 Rc6 28. Rb3 Rc2 29. a3 f5 30. Nd6 Rxf2+ 31. Kh1 Ra2 32. g4 fxg4 33. hxg4 Bc5 34. Ne4 Bxa3 35. Rd3 h5 36. Rd7 0-1

[Event "GER-ch Blitz (Women)"]
[Site "Magdeburg"]
[Date "2020.08.15"]
[Round "13"]
[White "Skibbe, Diana"]
[Black "Scognamiglio, Stefanie"]
[Result "1-0"]
[WhiteElo "1991"]
[BlackElo "2097"]
[PlyCount "99"]
[EventDate "2020.07.28"]
[EventType "tourn (blitz)"]
[EventRounds "29"]
[EventCountry "GER"]
[SourceTitle "EXT 2021"]
[Source "ChessBase"]
[SourceDate "2020.10.23"]
[SourceVersion "1"]
[SourceVersionDate "2020.10.23"]
[SourceQuality "1"]

1. e4 c5 2. Nf3 Nc6 3. d4 cxd4 4. Nxd4 g6 5. c4 Bg7 6. Be3 Nf6 7. Nc3 d6 8. f3 0-0 9. Be2 Nd7 10. 0-0 Nxd4 11. Bxd4 Bxd4+ 12. Qxd4 Qb6 13. Qxb6 Nxb6 14. Nd5 Nxd5 15. cxd5 Bd7 16. Rac1 Rfc8 17. Rc3 Rxc3 18. bxc3 Rc8 19. c4 Rc5 20. Rb1 b6 21. Kf2 Ra5 22. Rb2 Kf8 23. Ke3 f6 24. f4 Ke8 25. Kd4 Kd8 26. e5 Ra3 27. Bf3 Bf5 28. Rd2 Bb1 29. exf6 exf6 30. Bg4 f5 31. Bd1 Kc7 32. Bb3 a5 33. Kc3 a4 34. Kb2 axb3 35. Kxb1 bxa2+ 36. Ka1 Rc3 37. Kxa2 Rxc4 38. g3 b5 39. Kb3 Kb6 40. Kb2 Kc5 41. Kb3 Rd4 42. Rc2+ Kxd5 43. Rc7 Rd2 44. Rxh7 Ke4 45. Kb4 Rb2+ 46. Kc3 Rb1 47. Re7+ Kd5 48. Rg7 b4+ 49. Kc2 Rh1 50. h4 1-0

[Event "BL2 West 1819 (Women)"]
[Site "Germany"]
[Date "2019.01.13"]
[Round "7.1"]
[White "Braeutigam, Irina"]
[Black "Scognamiglio, Stefanie"]
[Result "1/2-1/2"]
[WhiteElo "2018"]
[BlackElo "2082"]
[PlyCount "49"]
[EventDate "2018.10.27"]
[EventType "team-tourn"]
[EventRounds "7"]
[EventCountry "GER"]
[SourceTitle "CBM 190 Extra"]
[Source "ChessBase"]
[SourceDate "2019.07.15"]
[SourceVersion "1"]
[SourceVersionDate "2019.07.15"]
[SourceQuality "1"]
[WhiteTeam "Luebeck (W)"]
[BlackTeam "Hamburger SK (W) II"]
[WhiteTeamCountry "GER"]
[BlackTeamCountry "GER"]

1. d4 d5 2. Nf3 e6 3. e3 Nf6 4. Bd3 c5 5. b3 Nc6 6. a3 Bd6 7. Bb2 0-0 8. 0-0 Re8 9. Ne5 cxd4 10. exd4 Qb6 11. Re1 h6 12. h3 Kf8 13. Nf3 Qc7 14. Nbd2 e5 15. dxe5 Nxe5 16. Nxe5 Bxe5 17. Bxe5 Rxe5 18. Rxe5 Qxe5 19. Nf3 Qf4 20. Qd2 Qxd2 21. Nxd2 b6 22. Re1 Bb7 23. Nf3 Re8 24. Rxe8+ Nxe8 25. Kf1 1/2-1/2

[Event "BL2 West 1718 (Women)"]
[Site "Germany"]
[Date "2018.01.28"]
[Round "5.1"]
[White "Scognamiglio, Stefanie"]
[Black "Plass, Mariana Camelia"]
[Result "1-0"]
[WhiteElo "2069"]
[BlackElo "2058"]
[PlyCount "121"]
[EventDate "2017.10.14"]
[EventType "team-tourn"]
[EventRounds "7"]
[EventCountry "GER"]
[SourceTitle "EXT 2019"]
[Source "ChessBase"]
[SourceDate "2018.10.10"]
[SourceVersion "1"]
[SourceVersionDate "2018.10.10"]
[SourceQuality "1"]
[WhiteTeam "Hamburger SK (W) II"]
[BlackTeam "Heiden (W)"]
[WhiteTeamCountry "GER"]
[BlackTeamCountry "GER"]

1. e4 c5 2. d3 Nc6 3. c4 g6 4. g3 Bg7 5. Bg2 e6 6. Ne2 Nge7 7. Nbc3 0-0 8. 0-0 d6 9. Be3 Nd4 10. Qd2 Re8 11. Bh6 Bh8 12. Nxd4 Bxd4 13. Ne2 Bh8 14. d4 Qb6 15. Be3 Nc6 16. Rfd1 Bg7 17. Rab1 Qa6 18. b3 Bf8 19. dxc5 dxc5 20. Nc3 Qb6 21. Na4 Qb4 22. Qc1 Qa5 23. Bd2 Qc7 24. Bc3 e5 25. Qe3 Nd4 26. Bd2 Bg4 27. f3 Be6 28. Rbc1 f5 29. Nc3 Rad8 30. Kh1 b6 31. Nd5 Qf7 32. Rf1 f4 33. gxf4 exf4 34. Qxf4 Bxd5 35. cxd5 Qxf4 36. Bxf4 Ne2 37. Bg5 Nxc1 38. Bxd8 Nxa2 39. Bc7 Be7 40. Bh3 Bd8 41. Bxd8 Rxd8 42. Ra1 Nb4 43. Rxa7 Nd3 44. Bf1 Nf4 45. Kg1 g5 46. Kf2 h5 47. Kg3 Ng6 48. Bb5 Rd6 49. Be8 h4+ 50. Kg4 Ne5+ 51. Kf5 Nxf3 52. Bf7+ Kf8 53. e5 Rd8 54. d6 g4 55. Bd5 Re8 56. e6 Nd4+ 57. Kf6 Nxe6 58. Bxe6 g3 59. hxg3 hxg3 60. Rf7+ Kg8 61. Rg7+ 1-0